• España.

di Corporate Name

Records bibliografici associati: 2

001 - CONTROL NUMBER

  • control field: 77

003 - CONTROL NUMBER IDENTIFIER

  • control field: IT-RoINE

005 - DATE AND TIME OF LATEST TRANSACTION

  • control field: 20171127081345.0

008 - FIXED-LENGTH DATA ELEMENTS

  • fixed length control field: 131003|| aca||aabn | a|a d

040 ## - CATALOGING SOURCE

  • Original cataloging agency: IT-RoINE
  • Transcribing agency: IT-RoINE

110 1# - HEADING--CORPORATE NAME

  • Corporate name or jurisdiction name as entry element: España.
  • Subordinate unit: Ministerio de Marina

510 1# - SEE ALSO FROM TRACING--CORPORATE NAME

  • Corporate name or jurisdiction name as entry element: España.
  • Subordinate unit: Ministerio de Defensa

510 1# - SEE ALSO FROM TRACING--CORPORATE NAME

  • Corporate name or jurisdiction name as entry element: España.
  • Subordinate unit: Ministerio de Marina, Comercio y Gobernación de Ultramar

670 ## - SOURCE DATA FOUND

  • Source citation: Work cat.: (IT-RoINE)0: Revista general de marina., 1877-